[Event "2011 Schleinich Memorial A"]
[Site "Calgary"]
[Date "2011.01.09"]
[Round "5"]
[White "Robichaud, Martin"]
[Black "Perron, Sean"]
[Result "1/2-1/2"]
[WhiteElo "2236"]
[BlackElo "2097"]
[PlyCount "109"]
[EventDate "2011.01.07"]
[EventType "tourn"]
[EventRounds "5"]
[EventCountry "CAN"]

1. e4 e6 2. c4 d5 3. cxd5 exd5 4. exd5 Nf6 5. Bb5+ Nbd7 6. Qf3 Be7 7. d4 O-O 8.
Nc3 Nb6 9. h3 Nbxd5 10. Nge2 c6 11. Bd3 Be6 12. O-O Re8 13. Bg5 Nb4 14. Nf4 Bd5
15. Ncxd5 Nfxd5 16. Bxe7 Rxe7 17. Bc4 Nxf4 18. Qxf4 Nd5 19. Qf3 Nb6 20. Qc3
Nxc4 21. Qxc4 Rd7 22. Rad1 Rd5 23. Rfe1 Qd7 24. Re3 Re8 25. Qb4 Re6 26. Qa4 a6
27. Qb3 h6 28. Rde1 Rxe3 29. fxe3 c5 30. dxc5 Rxc5 31. Rd1 Qc7 32. Qa4 Rc1 33.
Qe8+ Kh7 34. Qe4+ g6 35. Qd5 Rxd1+ 36. Qxd1 Qc6 37. Qb3 Kg8 38. Kf2 h5 39. Qc3
Qxc3 40. bxc3 f6 41. Kf3 Kf7 42. Ke4 Ke6 43. c4 h4 44. Kd4 Kd6 45. c5+ Ke6 46.
a4 f5 47. e4 fxe4 48. Kxe4 a5 49. Kd4 Kd7 50. Kd5 Kc7 51. Kc4 Kc6 52. Kd4 Kd7
53. Kd5 Kc7 54. Kd4 Kd7 55. Kc4 1/2-1/2

[Event "2011 Schleinich Memorial A"]
[Site "Calgary"]
[Date "2011.01.09"]
[Round "5"]
[White "Yearwood, Roy"]
[Black "Beaudry, Lukas"]
[Result "1-0"]
[WhiteElo "2201"]
[BlackElo "1982"]
[PlyCount "59"]
[EventDate "2011.01.07"]
[EventType "tourn"]
[EventRounds "5"]
[EventCountry "CAN"]

1. d4 d5 2. Bf4 Nf6 3. e3 e6 4. Nd2 Nc6 5. Ngf3 Bd6 6. Bg3 Qe7 7. Ne5 Bxe5 8.
dxe5 Nd7 9. Qg4 Qf8 10. f4 Nb4 11. Bd3 Nc5 12. O-O Ncxd3 13. cxd3 Nc2 14. f5 c6
15. Bh4 Nxe3 16. Qg5 Bd7 17. fxe6 Nxf1 18. exd7+ Kxd7 19. Qf5+ Kc7 20. Rxf1 Qb4
21. Qxf7+ Kb6 22. Qf2+ Ka6 23. Nf3 Rhf8 24. d4 h6 25. a3 Qc4 26. Qd2 g5 27. Rc1
Qa4 28. Be1 Rf4 29. b3 Qxa3 30. Qc3 1-0

[Event "2011 Calgary Closed"]
[Site "Calgary"]
[Date "2011.02.15"]
[Round "1"]
[White "Perron, Sean"]
[Black "Rekhson, Vladislav"]
[Result "1-0"]
[WhiteElo "2107"]
[BlackElo "2163"]
[PlyCount "85"]
[EventDate "2011.02.15"]
[EventType "tourn"]
[EventRounds "7"]
[EventCountry "CAN"]

1. e4 e5 2. Nf3 Nc6 3. d4 exd4 4. Nxd4 Bc5 5. Nxc6 Qf6 6. Qf3 dxc6 7. Bd3 Qxf3
8. gxf3 Be6 9. Be3 Bxe3 10. fxe3 O-O-O 11. Rg1 g6 12. Nc3 Ne7 13. Kf2 Rhe8 14.
h4 h5 15. a3 c5 16. Rad1 c6 17. Be2 b5 18. e5 Bf5 19. e4 Be6 20. Ke3 Kc7 21.
Rxd8 Rxd8 22. Rd1 Rxd1 23. Nxd1 Kb6 24. Kf4 c4 25. Ne3 Kc5 26. c3 Nc8 27. Kg5
Nb6 28. f4 Na4 29. f5 Bd7 30. Nd1 gxf5 31. exf5 Kd5 32. Kf6 Ke4 33. Bxh5 Bxf5
34. Bxf7 Nb6 35. e6 Nd5+ 36. Kg5 Ke5 37. h5 Bxe6 38. Bxe6 Kxe6 39. h6 Kf7 40.
Nf2 Ne3 41. Ng4 Nd1 42. Ne5+ Kg8 43. Kg6 1-0

[Event "2011 Calgary Closed"]
[Site "Calgary"]
[Date "2011.02.15"]
[Round "1"]
[White "Tam, Erik"]
[Black "Wen, Jean-Francois"]
[Result "1-0"]
[WhiteElo "2075"]
[BlackElo "2166"]
[PlyCount "81"]
[EventDate "2011.02.15"]
[EventType "tourn"]
[EventRounds "7"]
[EventCountry "CAN"]

1. d4 d5 2. c4 c6 3. Nf3 Nf6 4. e3 g6 5. Nbd2 Bg7 6. Be2 O-O 7. O-O Nbd7 8.
cxd5 Nxd5 9. Nc4 c5 10. e4 N5b6 11. d5 Nxc4 12. Bxc4 Nb6 13. Be2 Bd7 14. Be3
Rc8 15. Qd2 e6 16. d6 Bc6 17. Bxc5 Bxe4 18. Rac1 Bd5 19. d7 Rxc5 20. Rxc5 Qxd7
21. Rcc1 Rd8 22. Rfd1 Bf6 23. b3 e5 24. Qe3 Qe6 25. Bc4 Bxc4 26. Rxd8+ Bxd8 27.
bxc4 Nxc4 28. Qb3 Nd6 29. Qxe6 fxe6 30. Nxe5 Kg7 31. Rd1 Be7 32. f4 Kf6 33. Kf2
g5 34. Kf3 h5 35. g3 g4+ 36. Kf2 Kf5 37. Rc1 h4 38. Rc7 h3 39. Kf1 Bf8 40. Rd7
Ke4 41. Ng6 1-0

[Event "2011 Calgary Closed"]
[Site "Calgary"]
[Date "2011.02.22"]
[Round "2"]
[White "Hansen, Eric"]
[Black "Perron, Sean"]
[Result "1-0"]
[WhiteElo "2537"]
[BlackElo "2107"]
[PlyCount "89"]
[EventDate "2011.02.15"]
[EventType "tourn"]
[EventRounds "7"]
[EventCountry "CAN"]

1. e4 e6 2. d4 d5 3. Nd2 Nf6 4. e5 Nfd7 5. Bd3 c5 6. c3 Nc6 7. Ne2 cxd4 8. cxd4
f6 9. exf6 Nxf6 10. Nf3 Bd6 11. O-O Qc7 12. g3 O-O 13. Bf4 Bxf4 14. Nxf4 e5 15.
dxe5 Nxe5 16. Nxe5 Qxe5 17. Qd2 Bg4 18. Qb4 a5 19. Rfe1 axb4 20. Rxe5 Bf3 21.
Re3 Be4 22. f3 Bxd3 23. Nxd3 d4 24. Re5 Nd7 25. Rd5 Rxf3 26. Rxd4 Nf6 27. Nxb4
Re3 28. Rad1 h5 29. Rd8+ Rxd8 30. Rxd8+ Kf7 31. Rd2 Ke6 32. Nc2 Re5 33. Nd4+
Kf7 34. Nf3 Ra5 35. a3 Ke7 36. Rd3 Rc5 37. Rb3 Rc2 38. Nd4 Rd2 39. Nf5+ Kf7 40.
Rxb7+ Kg6 41. Nh4+ Kh6 42. Nf3 Rc2 43. Rb6 Kh7 44. a4 Ng4 45. Ng5+ 1-0

[Event "2011 Calgary Closed"]
[Site "Calgary"]
[Date "2011.02.22"]
[Round "2"]
[White "Wen, Jean-Francois"]
[Black "Daniluk, Jim"]
[Result "1-0"]
[WhiteElo "2166"]
[BlackElo "2035"]
[PlyCount "73"]
[EventDate "2011.02.15"]
[EventType "tourn"]
[EventRounds "7"]
[EventCountry "CAN"]

1. c4 e5 2. g3 Nf6 3. Bg2 Nc6 4. Nc3 d6 5. d3 Be7 6. e4 O-O 7. Nge2 Re8 8. O-O
Bf8 9. h3 g6 10. Nd5 h6 11. Be3 Bg7 12. Qd2 Kh7 13. Rac1 Nb8 14. f4 Nbd7 15. b4
c6 16. Ndc3 Qe7 17. f5 Nf8 18. g4 g5 19. Ng3 Ng8 20. Nh5 Nf6 21. Ng3 Ng8 22.
Bf3 f6 23. Kg2 Qd8 24. Rh1 Ne7 25. h4 Kg8 26. Nh5 Nh7 27. Rh2 b5 28. hxg5 Nxg5
29. Nxg7 Kxg7 30. Rxh6 Nxf5 31. exf5 Kxh6 32. Rh1+ Kg7 33. Bxg5 fxg5 34. Bxc6
Rb8 35. Bxe8 Bb7+ 36. Nd5 Bxd5+ 37. cxd5 1-0

[Event "2011 Calgary Closed"]
[Site "Calgary"]
[Date "2011.02.22"]
[Round "2"]
[White "Yam, Alex"]
[Black "Rekhson, Vladislav"]
[Result "1/2-1/2"]
[WhiteElo "2255"]
[BlackElo "2163"]
[PlyCount "79"]
[EventDate "2011.02.15"]
[EventType "tourn"]
[EventRounds "7"]
[EventCountry "CAN"]

1. e4 c5 2. c3 Nf6 3. e5 Nd5 4. d4 cxd4 5. Nf3 e6 6. cxd4 d6 7. Bc4 Nc6 8. O-O
dxe5 9. dxe5 Be7 10. Qe2 O-O 11. Rd1 Qc7 12. Bxd5 exd5 13. Nc3 d4 14. Nb5 Qa5
15. Nbxd4 Bg4 16. Nxc6 bxc6 17. Bf4 Rfd8 18. h3 Bh5 19. g4 Bg6 20. Nd4 Rac8 21.
Rac1 c5 22. Nf5 Bxf5 23. gxf5 Qxa2 24. Ra1 Rxd1+ 25. Qxd1 Qxb2 26. Rxa7 Bh4 27.
Qe1 Re8 28. Rc7 Qb6 29. e6 fxe6 30. Qe5 Bf6 31. Qe4 Qb4 32. Qxb4 cxb4 33. Rb7
exf5 34. Rxb4 g5 35. Be3 Re4 36. Rxe4 fxe4 37. f3 exf3 38. Kf2 Kf7 39. Kxf3 h5
40. Bxg5 1/2-1/2

[Event "2011 Calgary Closed"]
[Site "Calgary"]
[Date "2011.02.22"]
[Round "2"]
[White "Yearwood, Roy"]
[Black "Tam, Erik"]
[Result "1-0"]
[WhiteElo "2218"]
[BlackElo "2255"]
[PlyCount "133"]
[EventDate "2011.02.15"]
[EventType "tourn"]
[EventRounds "7"]
[EventCountry "CAN"]

1. d4 d5 2. Bf4 Nf6 3. e3 Bf5 4. Nf3 e6 5. Be2 c5 6. Bxb8 Rxb8 7. Bb5+ Ke7 8.
dxc5 Qa5+ 9. Nc3 Ne4 10. Bd3 Nxc3 11. Qd2 Bg6 12. bxc3 Qxc5 13. Rb1 b6 14. O-O
Rc8 15. Rb3 f6 16. Ra1 Be8 17. a4 e5 18. Bf5 Rc7 19. a5 b5 20. a6 g6 21. Bh3
Bg7 22. Qe2 Bc6 23. Nd4 Rb8 24. Ne6 Qd6 25. Nxg7 Bd7 26. Bxd7 Qxd7 27. Nh5 gxh5
28. Qxh5 Kf8 29. Rd1 Qe6 30. Rb4 Rg7 31. Qf3 e4 32. Qf4 Rb6 33. f3 Re7 34. fxe4
dxe4 35. Qh6+ Kg8 36. Rbd4 Rxa6 37. Rd8+ Re8 38. Qh5 Rxd8 39. Rxd8+ Kg7 40.
Qxb5 Rb6 41. Qc5 Rb7 42. c4 Rf7 43. h3 Qb6 44. Qxb6 axb6 45. Rd4 Ra7 46. Rxe4
Ra2 47. Kf2 Rxc2+ 48. Kf3 h5 49. g3 Kg6 50. Rd4 Kf5 51. h4 Rc3 52. Rf4+ Ke5 53.
g4 hxg4+ 54. Rxg4 b5 55. cxb5 Rb3 56. h5 Rxb5 57. h6 f5 58. Rh4 Rb8 59. Rh5 Kf6
60. h7 Rh8 61. Kf4 Kg6 62. Rg5+ Kh6 63. Rg2 Kh5 64. Kxf5 Kh6 65. Kf6 Rf8+ 66.
Ke7 Rh8 67. Rh2+ 1-0

[Event "2011 Calgary Closed"]
[Site "Calgary"]
[Date "2011.03.01"]
[Round "3"]
[White "Tam, Erik"]
[Black "Yam, Alex"]
[Result "0-1"]
[WhiteElo "2075"]
[BlackElo "2255"]
[PlyCount "56"]
[EventDate "2011.02.15"]
[EventType "tourn"]
[EventRounds "7"]
[EventCountry "CAN"]

1. d4 Nf6 2. c4 e6 3. Nf3 c5 4. d5 d6 5. Nc3 exd5 6. cxd5 g6 7. Nd2 Nbd7 8. e4
Bg7 9. Be2 O-O 10. O-O Re8 11. Qc2 Ne5 12. f4 Neg4 13. Nf3 Nxe4 14. Nxe4 Bf5
15. Bd3 c4 16. Qxc4 Rc8 17. Qb4 Bxe4 18. Bxe4 a5 19. Qxb7 Rxe4 20. h3 Rb4 21.
Qa6 Nf6 22. Bd2 Rb6 23. Qd3 Rc5 24. Bc3 Nxd5 25. Bxg7 Kxg7 26. f5 Rxb2 27. fxg6
hxg6 28. Ng5 Qxg5 0-1

[Event "2011 Calgary Closed"]
[Site "Calgary"]
[Date "2011.03.07"]
[Round "3"]
[White "Perron, Sean"]
[Black "Wen, Jean-Francois"]
[Result "0-1"]
[WhiteElo "2107"]
[BlackElo "2166"]
[PlyCount "102"]
[EventDate "2011.02.15"]
[EventType "tourn"]
[EventRounds "7"]
[EventCountry "CAN"]

1. e4 g6 2. d4 Bg7 3. Nc3 d6 4. Be3 a6 5. a4 b6 6. Qd2 Bb7 7. f3 Nd7 8. Bc4 c5
9. Nge2 cxd4 10. Nxd4 Ne5 11. Be2 Rc8 12. O-O Nf6 13. Bh6 Bxh6 14. Qxh6 e6 15.
Rad1 Qe7 16. Kh1 Nc4 17. Bxc4 Rxc4 18. Nde2 Rc5 19. Qd2 d5 20. e5 Nd7 21. f4
Rc4 22. b3 Rc7 23. Nd4 O-O 24. Rde1 Rfc8 25. Nce2 f6 26. exf6 Nxf6 27. Ng3 Ne4
28. Nxe4 dxe4 29. c4 e5 30. fxe5 Qxe5 31. Nf3 Qe7 32. Ng5 Re8 33. Rf7 Qe5 34.
Rxc7 Qxc7 35. h3 h6 36. Nxe4 Rxe4 37. Rxe4 Bxe4 38. Qxh6 Qg3 39. Qd2 Qxh3+ 40.
Kg1 Qd3 41. Qg5 Qd6 42. Qh4 Bf5 43. Qe1 Kf7 44. Kh1 Qe6 45. Qb4 Be4 46. Qd2 Ke7
47. a5 bxa5 48. Qg5+ Kd7 49. Qd2+ Kc6 50. Kg1 Qg4 51. Kf1 Qxg2+ 0-1

[Event "2011 Calgary Closed"]
[Site "Calgary"]
[Date "2011.03.08"]
[Round "4"]
[White "Wen, Jean-Francois"]
[Black "Rekhson, Vladislav"]
[Result "0-1"]
[WhiteElo "2166"]
[BlackElo "2163"]
[PlyCount "112"]
[EventDate "2011.02.15"]
[EventType "tourn"]
[EventRounds "7"]
[EventCountry "CAN"]

1. c4 e5 2. g3 Nf6 3. Bg2 d5 4. cxd5 Nxd5 5. Nf3 Nc6 6. O-O Be7 7. d4 exd4 8.
Nxd4 Nxd4 9. Qxd4 Nf6 10. Qa4+ c6 11. Rd1 Qb6 12. Be3 Bc5 13. Bxc5 Qxc5 14. Nc3
O-O 15. Rac1 Qb6 16. Qc2 Bg4 17. Na4 Qb5 18. f3 Bh5 19. e4 Rad8 20. b3 h6 21.
Qc5 Rxd1+ 22. Rxd1 Nxe4 23. Qe3 Nf6 24. g4 Bg6 25. Qxa7 Nd5 26. Bf1 Qb4 27. Qc5
Qf4 28. Qf2 Re8 29. Nc5 Re3 30. Bg2 Nc3 31. Re1 Rxe1+ 32. Qxe1 Nxa2 33. Nxb7
Qd4+ 34. Kh1 Qb6 35. Na5 Nb4 36. Nc4 Qd4 37. h4 c5 38. h5 Bc2 39. Qe8+ Kh7 40.
Qxf7 Qf2 41. Nd6 Qe1+ 42. Kh2 Qe5+ 43. f4 Qxd6 44. Kh3 Nc6 45. g5 hxg5 46. fxg5
Ne7 47. g6+ Kh6 48. Bf3 Bf5+ 49. Kg2 Qd2+ 50. Kg3 Qe1+ 51. Kf4 Qh4+ 52. Ke3
Qd4+ 53. Ke2 Bd3+ 54. Ke1 Qe3+ 55. Kd1 Nf5 56. Qf8 Qxf3+ 0-1

[Event "2011 Calgary Closed"]
[Site "Calgary"]
[Date "2011.03.08"]
[Round "4"]
[White "Yearwood, Roy"]
[Black "Perron, Sean"]
[Result "1/2-1/2"]
[WhiteElo "2218"]
[BlackElo "2166"]
[PlyCount "120"]
[EventDate "2011.02.15"]
[EventType "tourn"]
[EventRounds "7"]
[EventCountry "CAN"]

1. d4 Nf6 2. Bf4 g6 3. Nf3 Bg7 4. e3 d6 5. Bc4 Nh5 6. Bg5 h6 7. Bh4 c5 8. c3
Qb6 9. Qb3 Qxb3 10. Bxb3 g5 11. Bg3 Nxg3 12. hxg3 Nc6 13. Nbd2 cxd4 14. exd4
Bf5 15. O-O O-O 16. Rfe1 Rfe8 17. Ba4 e6 18. Nc4 Red8 19. Ne3 Bg6 20. d5 Ne7
21. dxe6 fxe6 22. Bb3 Bf7 23. Rad1 Kf8 24. Nd4 Bxd4 25. Rxd4 e5 26. Rd2 Bxb3
27. axb3 Kf7 28. Nc4 Ke6 29. f4 gxf4 30. gxf4 Ng6 31. fxe5 dxe5 32. Red1 Rxd2
33. Rxd2 b5 34. Rd6+ Kf5 35. Ne3+ Ke4 36. Ng4 Nf4 37. Rxh6 a5 38. g3 Nd3 39.
Nf2+ Nxf2 40. Kxf2 a4 41. bxa4 bxa4 42. Ke2 a3 43. Rh4+ Kd5 44. bxa3 Rxa3 45.
Kd3 e4+ 46. Kc2 Ra2+ 47. Kb3 Rg2 48. Rh5+ Kd6 49. Rh3 Kd5 50. Rh5+ Kd6 51. Rh4
Kd5 52. Rg4 e3 53. c4+ Kc5 54. Kc3 e2 55. Rg5+ Kc6 56. Kd2 Kd6 57. c5+ Kc6 58.
Ke1 Kb5 59. Kd2 Kc6 60. g4 Kb5 1/2-1/2

[Event "2011 Calgary Closed"]
[Site "Calgary"]
[Date "2011.03.15"]
[Round "5"]
[White "Perron, Sean"]
[Black "Tam, Erik"]
[Result "1-0"]
[WhiteElo "2107"]
[BlackElo "2075"]
[PlyCount "83"]
[EventDate "2011.02.15"]
[EventType "tourn"]
[EventRounds "7"]
[EventCountry "CAN"]

1. e4 e5 2. Nf3 Nc6 3. d4 exd4 4. Nxd4 Nf6 5. Nxc6 bxc6 6. e5 Qe7 7. Qe2 Nd5 8.
c4 Ba6 9. b3 g6 10. g3 Bg7 11. Bb2 O-O 12. Bg2 Rfe8 13. O-O Bxe5 14. Bxe5 Qxe5
15. Qxe5 Rxe5 16. cxd5 Bxf1 17. Kxf1 cxd5 18. Nc3 c6 19. Rd1 Rae8 20. Bf3 f5
21. Ne2 Kf7 22. Nd4 Ke7 23. b4 Rb8 24. a3 a5 25. bxa5 Ra8 26. Nb3 Kd6 27. Rc1
Kc7 28. Be2 d6 29. Bb5 c5 30. a4 c4 31. Nd2 Rxa5 32. Nf3 Re4 33. Rd1 c3 34. Ne1
Rxb5 35. axb5 Rc4 36. Nc2 Rc5 37. Rb1 d4 38. Ke2 Kb6 39. Kd3 Rd5 40. Rb4 Re5
41. Rxd4 Kxb5 42. Rxd6 1-0

[Event "2011 Calgary Closed"]
[Site "Calgary"]
[Date "2011.03.16"]
[Round "5"]
[White "Rekhson, Vladislav"]
[Black "Yearwood, Roy"]
[Result "0-1"]
[WhiteElo "2163"]
[BlackElo "2218"]
[PlyCount "86"]
[EventDate "2011.02.15"]
[EventType "tourn"]
[EventRounds "7"]
[EventCountry "CAN"]

1. e4 e5 2. Nf3 Nc6 3. Bb5 Nf6 4. O-O d6 5. d4 Bd7 6. Re1 Be7 7. c3 O-O 8. Nbd2
Nxd4 9. Nxd4 exd4 10. Bxd7 dxc3 11. Ba4 cxd2 12. Bxd2 c6 13. Rc1 d5 14. e5 Ne4
15. Be3 Bb4 16. Re2 Re8 17. f3 Ng5 18. Qb3 Qe7 19. Rcc2 Ne6 20. a3 Bc5 21. Bxc5
Nxc5 22. Qb4 Ne6 23. Qd2 Qh4 24. g4 h5 25. Qe1 Qxe1+ 26. Rxe1 hxg4 27. fxg4 Ng5
28. Kg2 Ne4 29. b4 a6 30. Bb3 Rxe5 31. a4 Rg5 32. Kf3 Nd6 33. Re7 Rg6 34. h4
Rf6+ 35. Kg3 Ne4+ 36. Kg2 Rb8 37. b5 axb5 38. axb5 Rf4 39. bxc6 bxc6 40. Ba4
Rxg4+ 41. Kf3 Nf6 42. Bxc6 Rb3+ 43. Kf2 Rxh4 0-1

[Event "2011 Calgary Closed"]
[Site "Calgary"]
[Date "2011.03.22"]
[Round "6"]
[White "Tam, Erik"]
[Black "Rekhson, Vladislav"]
[Result "1-0"]
[WhiteElo "2075"]
[BlackElo "2163"]
[PlyCount "45"]
[EventDate "2011.02.15"]
[EventType "tourn"]
[EventRounds "7"]
[EventCountry "CAN"]

1. e4 e6 2. d4 d5 3. Nc3 Bb4 4. exd5 exd5 5. Bd3 Nf6 6. Nf3 O-O 7. h3 Ne4 8.
O-O Nxc3 9. bxc3 Bxc3 10. Bxh7+ Kh8 11. Ng5 g6 12. Nxf7+ Rxf7 13. Bxg6 Qh4 14.
Bxf7 Bxa1 15. Bf4 Nc6 16. Bg3 Qh7 17. Bxd5 Bb2 18. Re1 Bf5 19. Qb1 Bxd4 20.
Qxb7 Rf8 21. Qxc6 Bxh3 22. Re8 Qg7 23. Rxf8+ 1-0

[Event "2011 Calgary Closed"]
[Site "Calgary"]
[Date "2011.03.22"]
[Round "6"]
[White "Yam, Alex"]
[Black "Wen, Jean-Francois"]
[Result "1-0"]
[WhiteElo "2255"]
[BlackElo "2166"]
[PlyCount "65"]
[EventDate "2011.02.15"]
[EventType "tourn"]
[EventRounds "7"]
[EventCountry "CAN"]

1. e4 g6 2. d4 Bg7 3. Nc3 d6 4. h4 Nf6 5. Be2 Nc6 6. h5 gxh5 7. d5 Ne5 8. Bxh5
Nxh5 9. Qxh5 Bf6 10. f3 c6 11. Bg5 e6 12. Bxf6 Qxf6 13. O-O-O exd5 14. Nge2 Bd7
15. exd5 c5 16. Ne4 Qe7 17. N2g3 O-O-O 18. Nf5 Bxf5 19. Qxf5+ Kb8 20. Rde1 Qd7
21. Qf6 Rhg8 22. g4 Rg6 23. Qf4 Qa4 24. Kb1 Qc4 25. b3 Qxd5 26. Rd1 Qe6 27.
Rxh7 Kc7 28. c4 b6 29. Rd5 Kb8 30. Nxd6 Rxd6 31. Rxe5 Qf6 32. Re8+ Kb7 33.
Rxf7+ 1-0

[Event "2011 Northern Alberta Open"]
[Site "Edmonton"]
[Date "2011.02.19"]
[Round "3.1"]
[White "MacKinnon, Keith"]
[Black "Wang, Richard"]
[Result "0-1"]
[WhiteElo "2351"]
[BlackElo "2266"]
[PlyCount "74"]
[EventDate "2011.02.19"]
[EventType "swiss"]
[EventRounds "5"]
[EventCountry "CAN"]

1. e4 c5 2. Nf3 d6 3. d4 cxd4 4. Nxd4 Nf6 5. Nc3 g6 6. Be3 Bg7 7. f3 Nc6 8. Qd2
Bd7 9. O-O-O Rc8 10. g4 Ne5 11. h4 h5 12. g5 Nh7 13. Kb1 O-O 14. f4 Ng4 15. Bg1
Re8 16. Be2 Nf8 17. Rf1 a6 18. f5 Ne5 19. Be3 Bc6 20. Rhg1 b5 21. Nxc6 Rxc6 22.
Nd5 Nfd7 23. Nf4 Nc5 24. Bxc5 dxc5 25. Nd5 e6 26. Ne7+ Qxe7 27. f6 Qd6 28. Qxd6
Rxd6 29. fxg7 Kxg7 30. Kc1 Rd4 31. Rf4 Red8 32. Rgf1 R8d7 33. Re1 Nc6 34. Bf1
Ne5 35. Rf2 c4 36. b3 c3 37. a3 Rd2 0-1

[Event "2011 Northern Alberta Open"]
[Site "Edmonton"]
[Date "2011.02.20"]
[Round "5"]
[White "Pechenkin, Vladimir"]
[Black "Zaczek, Jonathon"]
[Result "1-0"]
[WhiteElo "2392"]
[BlackElo "2287"]
[PlyCount "99"]
[EventDate "2011.02.19"]
[EventType "swiss"]
[EventRounds "5"]
[EventCountry "CAN"]

1. g3 Nf6 2. Bg2 g6 3. c4 c5 4. Nc3 Nc6 5. d3 Bg7 6. e4 d6 7. Nge2 O-O 8. O-O
Ne8 9. Be3 Nc7 10. d4 cxd4 11. Nxd4 Bd7 12. h3 Nxd4 13. Bxd4 Bxd4 14. Qxd4 Ne6
15. Qd2 Rc8 16. b3 Nc5 17. Rad1 Be6 18. Kh2 a5 19. f4 f6 20. Qe3 Qc7 21. Rfe1
Nd7 22. Nb5 Qc5 23. Nd4 Bf7 24. h4 Rcd8 25. Bh3 Rfe8 26. Ne6 Qxe3 27. Rxe3 Bxe6
28. Bxe6+ Kf8 29. Bxd7 Rxd7 30. e5 f5 31. Rd5 b6 32. h5 Red8 33. Red3 Ke8 34.
e6 Rb7 35. g4 Kf8 36. hxg6 hxg6 37. gxf5 Kg7 38. fxg6 Rh8+ 39. Kg2 Kxg6 40.
Rg3+ Kf6 41. f5 Rh6 42. Rg8 Rc7 43. Kg3 Rc5 44. Rf8+ Kg5 45. Rf7 Rxd5 46. cxd5
Rh8 47. a4 Rc8 48. Kf3 Rc1 49. Rxe7 Kxf5 50. Rd7 1-0

[Event "2011 March of Kings"]
[Site "Calgary"]
[Date "2011.03.05"]
[Round "1.1"]
[White "Kaminski, Thomas"]
[Black "Raman, Shanker"]
[Result "1-0"]
[WhiteElo "2229"]
[BlackElo "1752"]
[PlyCount "99"]
[EventDate "2011.03.05"]
[EventType "swiss"]
[EventRounds "5"]
[EventCountry "CAN"]

1. c4 c6 2. Nc3 d5 3. cxd5 cxd5 4. d4 Nf6 5. g3 e6 6. Bg2 Bb4 7. Bd2 Nc6 8. Nf3
O-O 9. O-O Qb6 10. Na4 Qb5 11. Bxb4 Qxb4 12. a3 Qd6 13. b4 b6 14. Qd3 Bb7 15.
Rac1 Rac8 16. Nc3 Qd7 17. Rfd1 Rfd8 18. Ne5 Qe7 19. Nb5 Ba8 20. Rc2 Nxe5 21.
dxe5 Ne8 22. Rdc1 Rxc2 23. Qxc2 Qd7 24. Nd4 Bb7 25. b5 a6 26. bxa6 Bxa6 27. Qb3
Rc8 28. Rb1 Bc4 29. Qxb6 Qa4 30. Bh3 Qd7 31. a4 Ra8 32. a5 Ra6 33. Qb4 Qc7 34.
Ra1 Qxe5 35. e3 Qd6 36. Qc3 Nf6 37. Bf1 Qc7 38. Ra4 Ne4 39. Qb4 Bxf1 40. Kxf1
h6 41. Kg2 Qe5 42. Qb5 Ra8 43. a6 Nc3 44. Qc6 Qe4+ 45. f3 Qxe3 46. Qxa8+ Kh7
47. Qb8 Qd2+ 48. Kh3 Nxa4 49. Qb1+ g6 50. a7 1-0

[Event "2011 March of Kings"]
[Site "Calgary"]
[Date "2011.03.05"]
[Round "1.2"]
[White "Milne, Arthur"]
[Black "Yearwood, Roy"]
[Result "0-1"]
[WhiteElo "1704"]
[BlackElo "2188"]
[PlyCount "60"]
[EventDate "2011.03.05"]
[EventType "swiss"]
[EventRounds "5"]
[EventCountry "CAN"]

1. e4 e5 2. d4 exd4 3. c3 d5 4. exd5 Qxd5 5. cxd4 Nc6 6. Nf3 Bg4 7. Be2 O-O-O
8. Nc3 Bb4 9. O-O Bxc3 10. bxc3 Nf6 11. Be3 Qd6 12. h3 Bf5 13. Qb3 Nd5 14. Bg5
f6 15. Bd2 Rhe8 16. Rfe1 Nf4 17. Bf1 Be4 18. c4 g5 19. d5 Bxf3 20. Qxf3 Nd4 21.
Qg4+ f5 22. Qd1 Rxe1 23. Bxe1 Qe5 24. g3 Nfe2+ 25. Bxe2 Nxe2+ 26. Kf1 f4 27.
Rb1 fxg3 28. Qb3 b6 29. fxg3 Rf8+ 30. Kg2 Qe4+ 0-1

[Event "2011 March of Kings"]
[Site "Calgary"]
[Date "2011.03.05"]
[Round "1.4"]
[White "Wood, Deweese"]
[Black "Rekhson, Vladislav"]
[Result "0-1"]
[WhiteElo "1281"]
[BlackElo "2160"]
[PlyCount "78"]
[EventDate "2011.03.05"]
[EventType "swiss"]
[EventRounds "5"]
[EventCountry "CAN"]

1. Nf3 d5 2. c3 Nf6 3. d3 g6 4. h3 Bg7 5. g4 h5 6. g5 Nfd7 7. d4 e5 8. h4 e4 9.
Nh2 O-O 10. Bh3 Qe7 11. Be3 Nb6 12. Bxc8 Nxc8 13. Na3 Nd6 14. Qc1 Nf5 15. Nf1
Nd7 16. Nb5 c6 17. Nc7 Rac8 18. Bf4 Nd6 19. Bxd6 Qxd6 20. Ne3 Rxc7 21. b4 Nb6
22. a3 f5 23. Rh3 f4 24. Nd1 Qe6 25. Rh1 Qg4 26. Qc2 Nc4 27. Rf1 Kh7 28. e3
Qxh4 29. b5 fxe3 30. Nxe3 Nxe3 31. Qe2 Nxf1 32. Qxf1 e3 33. Ra2 exf2+ 34. Kd1
Bxd4 35. cxd4 Qxd4+ 36. Kc2 cxb5+ 37. Kb1 Qe4+ 38. Kb2 Rc2+ 39. Kb3 Qa4# 0-1

[Event "2011 March of Kings"]
[Site "Calgary"]
[Date "2011.03.05"]
[Round "1.5"]
[White "Miller, Brian"]
[Black "Zhao, Chenxi"]
[Result "1-0"]
[WhiteElo "1988"]
[BlackElo "1222"]
[PlyCount "100"]
[EventDate "2011.03.05"]
[EventType "swiss"]
[EventRounds "5"]
[EventCountry "CAN"]

1. d4 Nf6 2. c4 e6 3. Nf3 c5 4. Nc3 d5 5. Bg5 Nbd7 6. cxd5 cxd4 7. Qxd4 e5 8.
Qa4 Qb6 9. Qb5 Bb4 10. Qxb6 axb6 11. Bd2 O-O 12. e3 Ra5 13. Bc4 e4 14. Nxe4
Bxd2+ 15. Nexd2 Nxd5 16. Nb3 Nb4 17. Nxa5 Nc2+ 18. Kd2 Nxa1 19. Rxa1 bxa5 20.
Rd1 Nf6 21. Ke1 Bg4 22. h3 Bf5 23. g4 Be4 24. Ng5 Bc6 25. Nxf7 Rxf7 26. Rd8+
Ne8 27. f4 g6 28. Kf2 Kg7 29. Bxf7 Kxf7 30. Rd4 Nf6 31. Ke2 h6 32. Kd3 Bg2 33.
g5 hxg5 34. fxg5 Nh7 35. h4 Bc6 36. e4 Ke7 37. Ke3 Nf8 38. Rd2 Ne6 39. e5 Ng7
40. Kf4 Nf5 41. h5 gxh5 42. Kxf5 Bd7+ 43. Kf4 h4 44. Rh2 h3 45. Kg3 Ke6 46.
Kxh3 Kxe5+ 47. Kh4 Kf5 48. Rf2+ Kg6 49. Rf6+ Kg7 50. Rd6 Bc6 1-0

[Event "2011 March of Kings"]
[Site "Calgary"]
[Date "2011.03.05"]
[Round "2.1"]
[White "Zeggelaar, Mike"]
[Black "Kaminski, Thomas"]
[Result "0-1"]
[WhiteElo "1947"]
[BlackElo "2229"]
[PlyCount "40"]
[EventDate "2011.03.05"]
[EventType "swiss"]
[EventRounds "5"]
[EventCountry "CAN"]

1. e4 c5 2. Nf3 d6 3. d4 cxd4 4. Nxd4 Nf6 5. Nc3 a6 6. g3 e5 7. Nde2 Be7 8. Bg2
Be6 9. O-O Nbd7 10. Nd5 Bxd5 11. exd5 O-O 12. Nc3 Rc8 13. a4 Nb6 14. Bg5 Qc7
15. Bxf6 Bxf6 16. Bh3 Rcd8 17. Ne4 Be7 18. Qh5 Nxd5 19. Bf5 g6 20. Bxg6 fxg6
0-1

[Event "2011 March of Kings"]
[Site "Calgary"]
[Date "2011.03.05"]
[Round "2.2"]
[White "Yearwood, Roy"]
[Black "Miller, Brian"]
[Result "1-0"]
[WhiteElo "2188"]
[BlackElo "1988"]
[PlyCount "53"]
[EventDate "2011.03.05"]
[EventType "swiss"]
[EventRounds "5"]
[EventCountry "CAN"]

1. d4 d5 2. Bf4 Nf6 3. e3 e6 4. Be2 Bd6 5. Nf3 O-O 6. Nbd2 b6 7. a4 a5 8. Ne5
Ba6 9. O-O c5 10. Bg5 Bxe2 11. Qxe2 Nbd7 12. f4 Qc7 13. c3 Rfb8 14. Nb1 c4 15.
Nd2 b5 16. axb5 a4 17. e4 a3 18. Bxf6 Nxf6 19. bxa3 Bxa3 20. Rab1 Ra5 21. Nc6
Raxb5 22. Nxb8 Rxb8 23. Rxb8+ Qxb8 24. e5 Nd7 25. f5 Nf8 26. fxe6 Nxe6 27. Qf3
1-0

[Event "2011 March of Kings"]
[Site "Calgary"]
[Date "2011.03.05"]
[Round "2.3"]
[White "Rekhson, Vladislav"]
[Black "Kuczaj, Chris"]
[Result "1/2-1/2"]
[WhiteElo "2133"]
[BlackElo "1800"]
[PlyCount "89"]
[EventDate "2011.03.05"]
[EventType "swiss"]
[EventRounds "5"]
[EventCountry "CAN"]

1. e4 c6 2. d4 d5 3. e5 Bf5 4. Ne2 e6 5. Ng3 Bg6 6. h4 h5 7. Bd3 Bxd3 8. cxd3
Be7 9. Nxh5 g6 10. Ng3 Rxh4 11. Rxh4 Bxh4 12. Ne2 Bg5 13. Nd2 Nd7 14. Nf3 Bxc1
15. Qxc1 Qa5+ 16. Nc3 c5 17. dxc5 Nxc5 18. Qe3 Na4 19. Qd2 Nxc3 20. bxc3 Ne7
21. Rb1 O-O-O 22. Kf1 Rh8 23. Kg1 Nc6 24. d4 Qd8 25. Qf4 Qe7 26. Ng5 Rf8 27.
Re1 Nd8 28. Nh7 Rh8 29. Nf6 Nc6 30. g3 Nb8 31. c4 dxc4 32. Ne4 Nd7 33. Rc1 Kb8
34. Rxc4 Nb6 35. Rc2 Nd5 36. Qc1 f5 37. Ng5 Nb6 38. f4 Qd7 39. Qb2 Qd5 40. Rh2
Rc8 41. Nf7 Qf3 42. Rh8 Qxg3+ 43. Qg2 Qe1+ 44. Qf1 Qg3+ 45. Qg2 1/2-1/2